Состав нефтей как отражение типа и условий фоссилизации исходного органического вещества (на примере Западной Сибири); Эволюция нефтегазообразования в истории Земли

Bibliographische Detailangaben
Parent link:Эволюция нефтегазообразования в истории Земли.— 1986.— С. 53-58
1. Verfasser: Нестеров И. И. Иван Иванович
Weitere Verfasser: Гончаров И. В. Иван Васильевич
Sprache:Russisch
Veröffentlicht: 1986
Schlagworte:
Format: Buchkapitel
KOHA link:https://koha.lib.tpu.ru/cgi-bin/koha/opac-detail.pl?biblionumber=224962

MARC

LEADER 00000naa2a2200000 4500
001 224962
005 20240723135219.0
035 |a (RuTPU)RU\TPU\book\245287 
090 |a 224962 
100 |a 20121101d1986 k y0rusy50 ca 
101 0 |a rus 
102 |a RU 
200 1 |a Состав нефтей как отражение типа и условий фоссилизации исходного органического вещества (на примере Западной Сибири)  |f И. И. Нестеров, И. В. Гончаров 
320 |a Библиогр.: с. 57-58 (7 назв.) 
463 0 |0 (RuTPU)RU\TPU\book\239975  |t Эволюция нефтегазообразования в истории Земли  |f Академия наук СССР (АН СССР), Институт геологии и разработки горючих ископаемых ; отв. ред. Н. А. Еременко  |v С. 53-58  |d 1986  |p 222 с. 
610 1 |a труды учёных ТПУ 
700 1 |a Нестеров  |b И. И.  |c российский геолог-нефтяник  |f 1932-  |g Иван Иванович  |3 (RuTPU)RU\TPU\pers\23003  |9 9875 
701 1 |a Гончаров  |b И. В.  |c геолог  |c профессор Томского политехнического университета, доктор геолого-минералогических наук  |f 1947-  |g Иван Васильевич  |3 (RuTPU)RU\TPU\pers\21956  |4 070  |9 9275 
801 1 |a RU  |b 63413507  |c 20121101 
942 |c BK